000 00746cam a2200253 i 4500
001 200468105
003 TR-AnTOB
005 20260414121542.0
007 ta
008 110203s1960 us 000 0 tur d
040 _aTR-AnTOB
_beng
_erda
_cTR-AnTOB
041 0 _aeng
050 0 0 _aPS2612
_b1960
100 1 _aPoe, Edgar Allan,
_d1809-1849
_eauthor
_954687
245 0 4 _aThe Fall of the house of usher and other tales /
_cEdgar Allan Poe.
264 1 _aNew York :
_bThe New American Library,
_c1960.
300 _a383 pages ;
_c20 cm
336 _atext
_btxt
_2rdacontent
337 _aunmediated
_bn
_2rdamedia
338 _avolume
_bnc
_2rdacarrier
650 0 _aAmerikan edebiyatı
_977588
942 _cBK
_2lcc
999 _c200468105
_d86317